000 01588nmm a2200409 i 4500
001 41204
003 KOSZ 005
005 20210531145454.0
006 m||||fq b
007 ta
008 121006s2012 pl a f f |000 0 pol d
040 _cKOSZ 005/IW
_aKOSZ 005/IW
_dKOSZ 005/HR
041 _apol
044 _aPOL
046 _k2012
080 _a528.3/.4
080 _a004.42
080 _a(0.034)
245 0 0 _aStandardy geodezyjne
_h[Dokument elektroniczny] :
_bsystem geodezyjnej informacji prawnej /
_c[przy współpr. z Głównym Urzędem Geodezji i Kartografii].
255 _aAktualizacja maj 2014.
260 _aKatowice :
_bWydawnictwo Gall,
_c2012-.
300 _a2 dyski optyczne (CD-ROM) :
_bkolor ;
_c12 cm.
388 _a2001-
500 _aUkazuje się od ed. 1, wyd. 2001.
500 _aAktualizacja nieregularna.
500 _aTytuł z etykiety na dysku.
521 _a"Standardy geodezyjne" to aktualizowany program komputerowy przeznaczony dla małych i dużych firm geodezyjnych oraz jednostek administracji państwowej.
538 _aWymagania systemowe: czytnik CD-ROM, procesor Pentium 166MHz, pamięć 64MB, grafika 800x600, high color 16 bitów.
650 4 _aPrawo geodezyjne i kartograficzne
650 4 _aGeodezja
650 4 _aPomiary
655 4 _aDokumenty elektroniczne
658 _aGeografia i nauki o Ziemi
710 1 _aGłówny Urząd Geodezji i Kartografii
856 _uhttp://koha.tu.koszalin.pl/cgi-bin/koha/opac-detail.pl?biblionumber=41204
_yKatalog online BPK
942 _cCD
_2UKD
999 _c41204
_d41204